| 000 | 01373nam0a22002651 4500 | ||
|---|---|---|---|
| 001 | rc\688286 | ||
| 005 | 20260407024920.0 | ||
| 035 | _a(NLR Aleph) 005925130 | ||
| 090 |
_a6518854 _c6518854 |
||
| 100 | _a20031121d1985 |||y0rusy50 ca | ||
| 101 | 0 | _arus | |
| 102 | _aRU | ||
| 105 | _aa ||||||||| | ||
| 200 | 1 |
_aБезмашинная криогенная установка _eАвт. свидетельства СССР № 811936, № 866297, № 882276, № 909349, № 937791, № 1038619, № 1055224, № 1079970, № 1086316, № 1086318, Пат. США № 4444019, Пат. Великобритании № 2083601, Пат. Франции № 2489945, Пат. ФРГ № 3134340А1 _e[Всемир. выст. достижений молодых изобретателей, Пловдив, 1985] _fДесятов А.Т., к. т. н. |
|
| 210 |
_aМ. _cБ. и. _d1985 |
||
| 215 |
_a11 с. _cил. _d22 |
||
| 300 | _aНа обл. авт. не указан | ||
| 300 | _aВ надзаг.: М-во хим. и нефт. машиностроения | ||
| 700 | 1 |
_aДесятов _bА.Т. |
|
| 712 | 1 | 2 |
_aВсемирная выставка достижений молодых изобретателей _f1985 _eПловдив _3RU\NLR\AUTH\8810010606 _9518873 |
| 801 | 0 |
_aRU _bNLR _gpsbo |
|
| 801 | 1 |
_aRU _bELAR _2rusmarc |
|
| 852 |
_aNLR _j85-6/8455 |
||
| 942 | _cBOOK | ||
| 980 | _aNB | ||